| 000 -LEADER |
| fixed length control field |
00998cam a22002534a 4500 |
| 003 - CONTROL NUMBER IDENTIFIER |
| control field |
OSt |
| 005 - DATE AND TIME OF LATEST TRANSACTION |
| control field |
20200317152922.0 |
| 008 - FIXED-LENGTH DATA ELEMENTS--GENERAL INFORMATION |
| fixed length control field |
090327s2010 nyua b 000 0 eng |
| 020 ## - INTERNATIONAL STANDARD BOOK NUMBER |
| International Standard Book Number |
9781568987835 (alk. paper) |
| 040 ## - CATALOGING SOURCE |
| Original cataloging agency |
DLC |
| Transcribing agency |
DLC |
| Modifying agency |
DLC |
| 082 00 - DEWEY DECIMAL CLASSIFICATION NUMBER |
| Classification number |
720.47 |
| Edition number |
22 |
| Item number |
LIS |
| 245 00 - TITLE STATEMENT |
| Title |
Design ecologies : |
| Remainder of title |
essays on the nature of design / |
| Statement of responsibility, etc |
Lisa Tilder and Beth Blostein, editors ; contributors, Jane Amidon ... [et al.]. |
| 250 ## - EDITION STATEMENT |
| Edition statement |
1st ed. |
| 260 ## - PUBLICATION, DISTRIBUTION, ETC. (IMPRINT) |
| Place of publication, distribution, etc |
New York : |
| Name of publisher, distributor, etc |
Princeton Architectural Press, |
| Date of publication, distribution, etc |
2010. |
| 300 ## - PHYSICAL DESCRIPTION |
| Extent |
255 p. : |
| Other physical details |
ill. (some col.) ; |
| Dimensions |
23 cm. |
| 650 #0 - SUBJECT ADDED ENTRY--TOPICAL TERM |
| Topical term or geographic name as entry element |
Design |
| General subdivision |
Environmental aspects. |
| 650 #0 - SUBJECT ADDED ENTRY--TOPICAL TERM |
| Topical term or geographic name as entry element |
Sustainable architecture. |
| 700 1# - ADDED ENTRY--PERSONAL NAME |
| Personal name |
Tilder, Lisa, |
| Dates associated with a name |
1968- |
| 700 1# - ADDED ENTRY--PERSONAL NAME |
| Personal name |
Blostein, Beth, |
| Dates associated with a name |
1968- |
| 700 1# - ADDED ENTRY--PERSONAL NAME |
| Personal name |
Amidon, Jane. |
| 906 ## - LOCAL DATA ELEMENT F, LDF (RLIN) |
| a |
7 |
| b |
cbc |
| c |
orignew |
| d |
1 |
| e |
ecip |
| f |
20 |
| g |
y-gencatlg |
| 942 ## - ADDED ENTRY ELEMENTS (KOHA) |
| Source of classification or shelving scheme |
|
| 955 ## - COPY-LEVEL INFORMATION (RLIN) |
| Classification number, CCAL (RLIN) |
rc14 2009-03-27; |
| Copy information and material description, CCAL + MDES (RLIN) |
rc14 2009-03-27 to Subj. |
| Classification number, CCAL (RLIN) |
rd11 2009-04-03 |
| -- |
xe04 2010-05-13 2 copies rec'd., to CIP ver. |
| -- |
Barcode 00269707471 returned from bindery 2010-06-22 |